000 00417nam a2200169Ia 4500
100 _aAffenzeller/Michael
650 _aGenetic algorithms
942 _cBK
366 _f27
654 _agenetic algorithms
245 _aGenetic algorithms and genetic programming :Modern concepts and programming
260 _bCRC Press
_c2009
082 _bAFF
300 _a365
546 _aENGLISH
_cComputers
999 _c25439
_d25439